Statistics for Countries by Region with Most Presidential Visits

Click here to take the quiz!

General Stats

  • This quiz has been taken 34 times
  • The average score is 14 of 15

Answer Stats

# of VisitsRegionCountry% Correct
8OceaniaAustralia
100%
16North AfricaEgypt
100%
22East AsiaJapan
100%
40North AmericaCanada
97%
38Western EuropeFrance
97%
7South AsiaIndia/Afghanistan
97%
15Eastern EuropeRussia
97%
13South AmericaBrazil
94%
31Southern EuropeItaly
94%
10Central AmericaPanama
91%
4Sub-Saharan AfricaSenegal/South Africa
91%
5CaribbeanBahamas/Trinidad
88%
10Southeast AsiaPhilippines
88%
12Middle EastSaudi Arabia
88%
6Northern EuropeFinland
85%

Score Distribution

Percentile by Number Answered

Percent of People with Each Score

Your Score History

You have not taken this quiz